| 000 | 00409 a2200133 4500 | ||
|---|---|---|---|
| 001 | 87915 | ||
| 082 | _aPR,264 | ||
| 090 |
_c41382 _d41382 |
||
| 100 | _aUmair Bin Masud; Fahim Hashmi prof. | ||
| 245 |
_aStudy of deterioration in material properties of main structural members of aged mirage aircraft _nG-66 |
||
| 260 |
_aRisalpur _bNUST _c2009 |
||
| 300 |
_ax, 53 p. _ewith CD |
||
| 500 | _aBE project reports AE | ||
| 942 |
_aCAE NUST _kPR,264 |
||
| 999 |
_c322988 _d322988 |
||